| 000 | 00674nam a2200241Ia 4500 | ||
|---|---|---|---|
| 003 | OSt | ||
| 005 | 20221005032130.0 | ||
| 006 | a|||||r|||| 00| 0 | ||
| 007 | ta | ||
| 008 | 221004b |||||||| |||| 00| 0 eng d | ||
| 024 | _a48284 | ||
| 037 | _cTextual | ||
| 040 |
_aCRL _cCRL _beng |
||
| 041 |
_2eng _aeng |
||
| 082 | _a2w7,N7, K7 | ||
| 100 |
_aGoy Peter A Ed. _9584852 |
||
| 245 | 0 | _aBiographical directory of librarians in the field of Slavic and East European studies. | |
| 260 |
_aChicago _bALA USA _c1967 |
||
| 300 |
_a80p _ccm. |
||
| 650 | _aLIBRARY SCIENCE | ||
| 942 |
_h2w7,N7, K7 _cTEXL _2cc |
||
| 999 |
_c939168 _d939168 |
||